Most Streamed Rappers on Spotify - Statistics

General Stats
  • This quiz has been taken 544 times
  • The average score is 22 of 50
Answer Stats
Streams Answer % Correct
96.41B Drake
95%
46.45B Eminem
90%
33.25B Kendrick Lamar
89%
43.88B Kanye West
83%
43.80B Travis Scott
79%
28.99B Lil Wayne
77%
35.31B Future
72%
30.73B XXXTENTACION
71%
35.21B Juice WRLD
70%
25.91B Lil Baby
70%
25.02B Lil Uzi Vert
69%
17.09B JAY-Z
64%
28.19B 21 Savage
61%
23.62B J. Cole
61%
11.18B Lil Nas X
58%
34.01B Nicki Minaj
58%
12.70B Playboi Carti
58%
14.62B Snoop Dogg
58%
12.99B 50 Cent
56%
18.08B Cardi B
52%
23.42B Young Thug
51%
18.19B Gunna
48%
41.29B Post Malone
48%
14.95B Tyler, The Creator
46%
17.18B Metro Boomin
45%
16.33B A$AP Rocky
44%
16.95B DaBaby
44%
11.28B Offset
43%
15.96B Quavo
40%
13.53B Pop Smoke
39%
10.84B Lil Peep
37%
11.12B Lil Durk
35%
12.22B Polo G
30%
13.05B Kodak Black
29%
13.23B YoungBoy Never Broke Again
27%
11.16B Roddy Ricch
26%
10.87B Kid Cudi
22%
13.90B Mac Miller
21%
14.54B Trippie Redd
21%
18.80B Wiz Khalifa
20%
13.46B Swae Lee
19%
12.19B Gucci Mane
17%
14.84B Tyga
15%
13.63B A Boogie Wit da Hoodie
13%
11.41B Logic
12%
11.78B 2 Chainz
10%
13.31B Big Sean
9%
11.36B Tory Lanez
7%
12.41B G-Eazy
4%
10.88B Pharrell Williams
4%
No matching quizzes found
Score Distribution
Percent of People with Each Score
Percentile by Number Answered
Your Score History
You have not taken this quiz